Bibliografia i cronologia de Jordi Rubió i Balaguer (1887-1982) / Rosalia Guilleumas i Brosa, Amadeu-J. Soberanas i Lleó
Descripción Física:
69 p. ; 27 cm
Otros Autores:
Soberanas i Lleó, Amadeu-J
Materias:
Rubió i Balaguer, Jordi, -- 1887-1982
MARC
| LEADER | 00000nam a2200000Ia 4500 | ||
|---|---|---|---|
| 001 | 6671 | ||
| 008 | 160829s1985 xx 000 0 cat d | ||
| 080 | |a A-2-77 | ||
| 100 | 1 | |a Guilleumas, Rosalia, |d 1924-2007 |9 29214 | |
| 245 | |a Bibliografia i cronologia de Jordi Rubió i Balaguer (1887-1982) / Rosalia Guilleumas i Brosa, Amadeu-J. Soberanas i Lleó | ||
| 260 | |a Barcelona : |b Diputació de Barcelona, Biblioteca de Catalunya, |c 1985 | ||
| 300 | |a 69 p. ; |c 27 cm | ||
| 600 | 1 | 0 | |a Rubió i Balaguer, Jordi, |d 1887-1982 |9 23533 |
| 700 | |a Soberanas i Lleó, Amadeu-J. |9 30367 | ||
| 710 | 1 | |a Biblioteca de Catalunya |9 52741 | |
| 901 | |a Arxiu | ||
| 942 | |n 1 | ||
| 952 | |0 0 |1 0 |4 0 |6 A277 |7 1 |9 45105 |a Arxiu |b Arxiu |d 2016-12-01 |l 0 |o A-2-77 |p 6671 |r 2016-12-01 00:00:00 |w 2016-12-01 |y ARXIU | ||
| 999 | |c 47725 |d 47725 | ||